LEADER 03974nam 2200637 450 001 996218102203316 005 20230125183544.0 010 $a1-280-83930-9 010 $a9786610839308 010 $a0-470-13057-1 010 $a0-470-13056-3 024 7 $a10.1002/9780470130575 035 $a(CKB)1000000000356343 035 $a(EBL)291447 035 $a(SSID)ssj0000144917 035 $a(PQKBManifestationID)11157498 035 $a(PQKBTitleCode)TC0000144917 035 $a(PQKBWorkID)10156182 035 $a(PQKB)10298547 035 $a(MiAaPQ)EBC291447 035 $a(CaBNVSL)mat05201495 035 $a(IDAMS)0b0000648104a97f 035 $a(IEEE)5201495 035 $a(OCoLC)132714749 035 $a(PPN)269688390 035 $a(EXLCZ)991000000000356343 100 $a20070521h20152007 uy 0 101 0 $aeng 135 $aur|n|---||||| 181 $ctxt 182 $cc 183 $acr 200 10$aElectric power planning for regulated and deregulated markets /$fArthur Mazer 210 1$aHoboken, New Jersey :$cIEEE Press :$dc2007. 215 $a1 online resource (335 p.) 300 $aDescription based upon print version of record. 311 $a0-470-11882-2 320 $aIncludes bibliographical references (p. 291-293) and index. 327 $aOverview -- Energy, load, and generation technologies -- The grid -- Short-term utility planning -- Long-term utility planning -- Midterm utility planning -- A market environment -- Asset management in short-term markets -- Investment analysis : long-term planning in a market environment -- Risk management in the midterm markets -- The California experience. 330 $aAs the industry environment transforms from a completely regulated setting to a broader, deregulated marketplace, new market participants must understand planning and operations of power systems to effectively participate in markets. This industry overview provides a description of utility operations and traditional planning, and then explains asset management, investment analysis, and risk management within the context of a market environment. Written to provide a broad, working knowledge of the industry, Electric Power Planning for Regulated and Deregulated Markets: . Includes descriptions of generation and transmission network equipment. Provides an overview of the regulatory framework, system design and systems operations for ensuring reliable delivery of power. Presents system planning across different time horizons with the objective of minimizing power production costs. Explains the principles and architecture of a market environment coupling operational imperatives with financial transactions. Addresses approaches of various participants, including power producers, retailers, and integrated energy companies toward bidding in day ahead markets, managing risks in forward markets, portfolio development and investment analysis. Provides numerous examples addressing cost minimization, price forecasting, contract valuation, portfolio risk measurement and others . Examines past news events and explains what went wrong at Three Mile Island, the Northeast blackout of 2003, and the California energy crisis This is an ideal reference for professionals in the public and private power service sectors such as engineers, lawyers, systems specialists, economists, financial analysts, policy analysts, and applied mathematicians. 606 $aElectric utilities$xManagement 606 $aRisk management 606 $aCompetition 615 0$aElectric utilities$xManagement. 615 0$aRisk management. 615 0$aCompetition. 676 $a333.79320681 676 $a338.47621310684 700 $aMazer$b Arthur$f1958-$0521944 801 0$bCaBNVSL 801 1$bCaBNVSL 801 2$bCaBNVSL 906 $aBOOK 912 $a996218102203316 996 $aElectric power planning for regulated and deregulated markets$9835378 997 $aUNISA LEADER 06958oam 2200757Ma 450 001 9910785896603321 005 20240115145433.0 010 $a1-135-10872-2 010 $a1-283-60619-4 010 $a9786613918642 010 $a1-135-10873-0 010 $a0-203-07453-X 024 7 $a10.4324/9780203074534 035 $a(CKB)2670000000242357 035 $a(EBL)1024483 035 $a(OCoLC)811505614 035 $a(SSID)ssj0000741821 035 $a(PQKBManifestationID)11420344 035 $a(PQKBTitleCode)TC0000741821 035 $a(PQKBWorkID)10742547 035 $a(PQKB)11079115 035 $a(OCoLC)810531503 035 $a(MiAaPQ)EBC1024483 035 $a(Au-PeEL)EBL1024483 035 $a(CaPaEBR)ebr10603746 035 $a(CaONFJC)MIL391864 035 $a(OCoLC)897433469 035 $a(OCoLC-P)810531503 035 $a(FlBoTFG)9780203074534 035 $a(EXLCZ)992670000000242357 100 $a20100827d2011 uy 0 101 0 $aeng 135 $aur|n||||||||| 181 $ctxt 182 $cc 183 $acr 200 14$aThe Routledge atlas of British history /$fMartin Gilbert 205 $a5th ed. 210 $aLondon ;$aNew York $cRoutledge$d2011 215 $a1 online resource (212 p.) 225 1 $aRoutledge Historical Atlases 300 $a"First edition published as British History Atlas by Weidenfeld & Nicolson 1968"--Title page verso. 311 $a0-415-60876-7 311 $a0-415-60875-9 327 $aFront Cover; The Routledge Atlas of British History; Copyright Page; Preface; Maps; The Celts in Britain by 50 BC; The Roman Conquest 54 BC-l00 AD; Roman Military Government 100AD-400 AD; Civilian Life in Roman Britain; The Pattern of Roman Settlement in Southern England; The Decline of Roman Britain 367AD-517 AD; Early Saxon Settlement 500-626; Saxon Kingdoms and Bretwaldaships 630-829; The Church 700-850; Viking Expansion in Europe 700-941; The Norse and Danish Invasions 793-876; The English Resurgence 876-920; The English Resurgence 920-973; The Danish Empire 1000-1034 327 $aBishoprics and Monasteries1000-1066Harold's Defeat 1066; The Norman Conquest 1066-1072; England Under The Normans1066-1100; Norman Rule 1066-1087; The Norman Conquest of Wales1068-1200; Ireland 1120; Anglo-France 1189; The Church 1100-1300; Stephen and Matilda 1135-1148; England 1200-1300; The Economy 1200-1300; London 1200-1400; Scotland 1295-1402; The Hundred Years' War 1259-1368; The Conquest of Wales 1277-1295; England 1300-1400; The Black Death 1333-1369; The Peasants' Revolt 1381; England 1400-1500; Owen Glendower's Revolt 1400-1405; The Defeat of Owen Glendower 1405-1412 327 $aThe Collapse of English Rule in France 1429-1453The Wars of the Roses: Territorial Divisions 1450; The Wars of the Roses: Castles and Battles 1450-1485; English Trading Companies 1467-1696; Wales 1500-1535; Ireland 1500-1558; The Pattern of Monastic Property 1500-1530; The English Reformation 1531-1571; Scotland 1500-1603; England 1500-1600; Drake and Spain 1577-1585; Leicester's Intervention in the Netherlands 1585-1587; The Armada 1588; Ireland 1553-1603; Ireland 1603-1625; The Caribbean 1562-1717; The Origins of English Settlement in Virginia 1607-1700 327 $aThe Origins of English Settlement in New England 1620-1700The New World 1642-1713; The Civil War 1642-1643; The Civil War 1644-1646; Cromwell's Wars and Diplomacy 1649-1660; The Atlantic Ocean 1660; The Indian Ocean 1660; The Three Dutch Wars; Monmouth's Rebellion 1685; The Glorious Revolution 1688; Ireland 1649-1651; Ireland 1689-1691; The Jacobite Rising 1715; The Jacobite Rising 1745; The War of the Spanish Succession 1702-1713; The Peace of Utrecht 1713; The British Conquest of Canada 1758-1760; The British Empire 1763; The European Powers in India1510-1775 327 $aThe Revolt of the American Colonies 1774-1783Agriculture 1700-1800; Industry 1715-1815; Transport 1760-1830; British Expansion in India 1775-1858; The War Against France 1793-1802; The War Against Napoleon1805-1812; The Peninsular War 1808-1814; The Defeat of Napoleon 1812-1815; The War Against the United States1812-1815; The British Empire 1820; Parliamentary Representation before 1832; Parliamentary Reform 1832; Ireland 1789-1861; Ireland 1880-1882; Labour Movements 1819-1910; Famine and Plague in India1866-1919; Railways 1825-1914; Britain in the Far East 1788-1914 327 $aBritain and China 1840-1945 330 $aThe evolving story of the British Isles forms the central theme of this fascinating and compelling atlas, which covers England, Ireland, Scotland and Wales - and the expansion and gradual disintegration of Britain's overseas empire. This new edition includes: Politics - from the Saxon kingdoms and the collapse of England's French Empire to the Tudors and Stuarts, the English Civil War, the Restoration, Parliamentary Reform, the Commonwealth and Europe, the European Union and the Coalition Government formed in 2010 War and conflict - from Viking attacks and the Norman Invasion to the Armada, two World Wars and the end of empire, the Falklands War, the Gulf War, British forces overseas, terror at home and the wars in Kosovo, Sierra Leone, Afghanistan and Iraq Trade and industry - from the post-Norman economy and Tudor trade to industrial unrest and the opening of international trade routes, imports and exports, arms sales and British humanitarian aid overseas Religion - from the Saxon Church to the Reformation and the multi-cultural Britain of modern times Society and economics - from civilian life in Roman Britain to the Industrial and Agricultural revolutions, the General Strike and the growth of universities, unemployment, homelessness, charitable activities and government expenditure Immigration - the growth of immigrant communities, the wide range of countries from which immigrants came, citizenship applications and citizenship granted. Sir Martin Gilbert is Winston Churchill's official biographer, and one of Britain's leading historians, having written eighty-two books in total. He is an Honorary Fellow of Merton College, Oxford, and a Distinguished Fellow of Hillsdale College, Michigan. He has also most recently served on the committee of the Iraq Inquiry set up by the British Government. For more information, please visit www.martingilbert.com. 410 0$aRoutledge Historical Atlases 606 $aHISTORY / Europe / Great Britain$2bisacsh 606 $aHISTORY / General$2bisacsh 607 $aGreat Britain$xHistorical geography$vMaps 607 $aGreat Britain$xHistorical geography 615 7$aHISTORY / Europe / Great Britain 615 7$aHISTORY / General 676 $a911/.41 700 $aGilbert$b Martin$f1936-2015.$0223002 801 0$bOCoLC-P 801 1$bOCoLC-P 906 $aBOOK 912 $a9910785896603321 996 $aRoutledge atlas of British history$91235678 997 $aUNINA